| 000 | 02279cam a2200289 4500500 | ||
|---|---|---|---|
| 005 | 20260111081301.0 | ||
| 041 | _afre | ||
| 042 | _adc | ||
| 100 | 1 | 0 |
_aAmilhat, Camille _eauthor |
| 245 | 0 | 0 | _aLa justice à l’écran. Variations de la curiosité des élèves selon les pratiques enseignantes |
| 260 | _c2025. | ||
| 500 | _a19 | ||
| 520 | _aLe visionnage de films en enseignement moral et civique est une pratique pédagogique parfois utilisée au lycée pour familiariser les élèves avec l’univers judiciaire. Cet article se propose d’interroger la diversité des pratiques filmiques instituées par les professeurs et leur impact sur le développement de la curiosité des élèves en classe, à la fois perceptuelle et épistémique. À travers les pratiques effectives des enseignants, les réactions et les interactions des élèves, l’observation directe de telles séances dans trois classes de seconde révèle l’influence croisée de deux facteurs : le type de film, documentaire ou éducatif, et la mise en accessibilité cognitive de celui-ci par l’enseignant. | ||
| 520 | _aWatching films in civics is a teaching practice sometimes used in upper secondary school to familiarize pupils with justice. This article questions the diversity of film practices set up by teachers and their impact on the development of classroom curiosity, both perceptual and epistemic. Through the real practices of the teachers and the reactions and interactions of the pupils, direct observation of such lessons in three high school classes reveals the combined influence of two factors: the type of film, documentary or educational, and the cognitive accessibility to the film provided by the teacher. | ||
| 690 | _acuriosité | ||
| 690 | _aéducation à la citoyenneté | ||
| 690 | _aesprit critique | ||
| 690 | _afilm | ||
| 690 | _apratique pédagogique | ||
| 690 | _acivics | ||
| 690 | _acritical thinking | ||
| 690 | _acuriosity | ||
| 690 | _afilm | ||
| 690 | _ateaching practice | ||
| 786 | 0 | _nL’Année de la recherche en sciences de l’éducation | 1 | 1 | 2025-10-31 | p. 123-135 | 1254-6852 | |
| 856 | 4 | 1 | _uhttps://shs.cairn.info/revue-l-annee-de-la-recherche-en-sciences-de-leducation-2025-1-page-123?lang=fr&redirect-ssocas=7080 |
| 999 |
_c1616893 _d1616893 |
||